[Event "World Chess Olympiad 2018"]
[Site "Batumi"]
[Date "2018.10.05"]
[Round "11"]
[Board "3"]
[WhiteFideId "1024523"]
[White "Beukema Stefan"]
[BlackFideId "2107660"]
[Black "Mekhitarian Krikor Sevag"]
[Result "0-1"]
[LiveChessVersion "1.4.8"]
[BlackElo "2543"]
[WhiteElo "2396"]

1. e4 {[%clk 1:30:55]} c5 {[%clk 1:30:59]} 2. Nf3 {[%clk 1:31:16]} d6
{[%clk 1:31:25]} 3. d4 {[%clk 1:31:39]} cxd4 {[%clk 1:31:53]} 4. Nxd4
{[%clk 1:32:01]} Nf6 {[%clk 1:32:19]} 5. Nc3 {[%clk 1:32:24]} a6 {[%clk 1:32:45]}
6. h3 {[%clk 1:30:34]} e6 {[%clk 1:33:08]} 7. g4 {[%clk 1:30:25]} Nfd7
{[%clk 1:33:33]} 8. Bg2 {[%clk 1:28:54]} Be7 {[%clk 1:33:27]} 9. O-O
{[%clk 1:27:43]} O-O {[%clk 1:33:43]} 10. Be3 {[%clk 1:26:16]} Nc6
{[%clk 1:33:53]} 11. f4 {[%clk 1:14:31]} Nxd4 {[%clk 1:33:43]} 12. Qxd4
{[%clk 1:14:25]} b5 {[%clk 1:31:04]} 13. a4 {[%clk 1:07:16]} bxa4
{[%clk 1:17:15]} 14. Nxa4 {[%clk 0:56:35]} Bb7 {[%clk 1:16:21]} 15. Rfd1
{[%clk 0:50:54]} e5 {[%clk 0:59:00]} 16. fxe5 {[%clk 0:37:03]} Nxe5
{[%clk 0:59:18]} 17. Nc5 {[%clk 0:32:44]} Bc8 {[%clk 0:50:10]} 18. Na4
{[%clk 0:14:50]} Rb8 {[%clk 0:49:20]} 19. b3 {[%clk 0:09:37]} Qc7
{[%clk 0:38:19]} 20. Qc3 {[%clk 0:07:36]} Qd8 {[%clk 0:32:31]} 21. Bd4
{[%clk 0:06:15]} f6 {[%clk 0:28:19]} 22. Nc5 {[%clk 0:03:15]} Ra8
{[%clk 0:27:39]} 23. Be3 {[%clk 0:01:28]} Qe8 {[%clk 0:18:24]} 24. Na4
{[%clk 0:01:47]} h5 {[%clk 0:18:13]} 25. gxh5 {[%clk 0:01:12]} Qxh5
{[%clk 0:18:07]} 26. Bf2 {[%clk 0:01:38]} f5 {[%clk 0:14:46]} 27. exf5
{[%clk 0:02:03]} Bxf5 {[%clk 0:14:16]} 28. Nb6 {[%clk 0:01:39]} Rae8
{[%clk 0:13:54]} 29. Qg3 {[%clk 0:00:56]} Bxc2 {[%clk 0:13:30]} 30. Rdc1
{[%clk 0:00:35]} Bh7 {[%clk 0:10:41]} 31. Rc7 {[%clk 0:00:55]} Nf3+
{[%clk 0:08:57]} 32. Kh1 {[%clk 0:01:19]} Be4 {[%clk 0:08:37]} 33. Ra4
{[%clk 0:00:44]} d5 {[%clk 0:07:52]} 34. Rxa6 {[%clk 0:00:41]} Ng5
{[%clk 0:07:41]} 35. Nxd5 Qd1+ {[%clk 0:05:35]} 36. Bg1 {[%clk 0:00:37]} Qxd5
{[%clk 0:05:47]} 37. Raa7 {[%clk 0:00:42]} Bxg2+ {[%clk 0:03:55]} 38. Qxg2
{[%clk 0:01:08]} Rf3 {[%clk 0:03:35]} 39. Rxe7 {[%clk 0:00:35]} Rxh3+
{[%clk 0:03:04]} 40. Bh2 {[%clk 0:30:59]} Qd1+ {[%clk 0:33:22]} 41. Qg1
{[%clk 0:31:25]} Rxh2+ {[%clk 0:33:45]} 42. Kxh2 {[%clk 0:31:49]} Nf3+
{[%clk 0:34:11]} 43. Kg3 {[%clk 0:30:40]} Qxg1+ {[%clk 0:34:33]} 44. Kxf3
{[%clk 0:31:06]} Rxe7 {[%clk 0:34:15]} 45. Rxe7 {[%clk 0:31:30]} Qf1+
{[%clk 0:34:42]} 46. Kg4 {[%clk 0:31:28]} Qd1+ {[%clk 0:35:05]} 47. Kf5
{[%clk 0:31:50]} Qxb3 {[%clk 0:35:17]} 48. Re4 {[%clk 0:31:47]} Kf7
{[%clk 0:35:34]} 49. Kg4 {[%clk 0:32:10]} Qd5 {[%clk 0:35:35]} 50. Rf4+
{[%clk 0:32:31]} Kg6 {[%clk 0:36:02]} 51. Kg3 {[%clk 0:32:54]} Qd6
{[%clk 0:36:20]} 52. Kg4 {[%clk 0:33:12]} Kh6 {[%clk 0:36:28]} 53. Rf3
{[%clk 0:33:01]} g6 {[%clk 0:36:49]} 54. Rh3+ {[%clk 0:33:17]} Kg7
{[%clk 0:37:17]} 55. Rf3 {[%clk 0:33:42]} Qe5 {[%clk 0:37:38]} 56. Rf2
{[%clk 0:33:37]} Qh5+ {[%clk 0:38:03]} 57. Kg3 {[%clk 0:34:01]} g5
{[%clk 0:38:25]} 58. Rh2 {[%clk 0:34:25]} Qd1 {[%clk 0:38:50]} 59. Rf2
{[%clk 0:34:49]} Kg6 {[%clk 0:39:13]} 60. Kg2 {[%clk 0:34:56]} Kh5
{[%clk 0:39:29]} 61. Rf1 {[%clk 0:35:04]} Qd4 {[%clk 0:39:24]} 62. Rh1+
{[%clk 0:35:09]} Kg4 {[%clk 0:39:47]} 63. Rf1 {[%clk 0:35:29]} Qd2+
{[%clk 0:40:05]} 64. Rf2 {[%clk 0:35:53]} Qxf2+ {[%clk 0:39:37]} 0-1

[Event "World Chess Olympiad 2018"]
[Site "Batumi"]
[Date "2018.10.05"]
[Round "11"]
[Board "4"]
[WhiteFideId "2106981"]
[White "El Debs Felipe de Cresce"]
[BlackFideId "240990"]
[Black "Dardha Daniel"]
[Result "1/2-1/2"]
[LiveChessVersion "1.4.8"]
[BlackElo "2299"]
[WhiteElo "2542"]

1. e4 {[%clk 1:30:55]} c5 {[%clk 1:30:41]} 2. Nf3 {[%clk 1:31:20]} d6
{[%clk 1:31:05]} 3. Bb5+ {[%clk 1:31:43]} Nc6 {[%clk 1:28:07]} 4. O-O
{[%clk 1:31:56]} Bd7 {[%clk 1:27:52]} 5. Re1 {[%clk 1:32:08]} Nf6
{[%clk 1:26:09]} 6. c3 {[%clk 1:32:30]} a6 {[%clk 1:26:32]} 7. Bf1
{[%clk 1:32:51]} g5 {[%clk 1:25:00]} 8. d4 {[%clk 1:21:50]} g4 {[%clk 1:09:50]}
9. Nfd2 {[%clk 1:21:03]} cxd4 {[%clk 1:09:18]} 10. cxd4 {[%clk 1:20:46]} Nxd4
{[%clk 1:08:19]} 11. Nc4 {[%clk 1:20:56]} Nc6 {[%clk 1:07:28]} 12. Nc3
{[%clk 1:06:17]} b5 {[%clk 0:47:43]} 13. Ne3 {[%clk 0:58:08]} Ne5
{[%clk 0:43:40]} 14. a4 {[%clk 0:56:58]} bxa4 {[%clk 0:37:31]} 15. Nxa4
{[%clk 0:54:26]} e6 {[%clk 0:35:34]} 16. Nc3 {[%clk 0:53:41]} Qb6
{[%clk 0:27:39]} 17. Nc4 {[%clk 0:52:56]} Nxc4 {[%clk 0:27:57]} 18. Bxc4
{[%clk 0:53:22]} Bg7 {[%clk 0:17:44]} 19. Qd3 {[%clk 0:52:43]} O-O
{[%clk 0:16:52]} 20. Bf4 {[%clk 0:47:40]} Bc6 {[%clk 0:15:50]} 21. Bxd6
{[%clk 0:46:40]} Rfd8 {[%clk 0:15:54]} 22. e5 {[%clk 0:45:41]} Ne8
{[%clk 0:16:05]} 23. Ne4 {[%clk 0:43:32]} Bxe4 {[%clk 0:13:10]} 24. Qxe4
{[%clk 0:43:30]} Nxd6 {[%clk 0:13:28]} 25. exd6 {[%clk 0:43:55]} Qxb2
{[%clk 0:10:36]} 26. Rad1 {[%clk 0:36:52]} Qb6 {[%clk 0:08:21]} 27. Re3
{[%clk 0:28:09]} Rac8 {[%clk 0:05:38]} 28. Qxg4 {[%clk 0:19:00]} Rxd6
{[%clk 0:05:59]} 29. Rxd6 {[%clk 0:16:22]} Qxd6 {[%clk 0:06:12]} 30. Rxe6
{[%clk 0:15:14]} Qd7 {[%clk 0:03:45]} 31. Re4 {[%clk 0:10:59]} Qxg4
{[%clk 0:03:17]} 32. Rxg4 {[%clk 0:11:24]} a5 {[%clk 0:03:13]} 33. Bf1
{[%clk 0:09:34]} Rd8 {[%clk 0:02:15]} 34. g3 {[%clk 0:08:00]} Rd2
{[%clk 0:01:26]} 35. Ra4 {[%clk 0:06:14]} Bd4 {[%clk 0:01:10]} 36. Rxa5
{[%clk 0:06:12]} Rxf2 {[%clk 0:01:32]} 37. Ra8+ {[%clk 0:05:14]} Kg7
{[%clk 0:01:58]} 38. Rd8 {[%clk 0:05:07]} Be3 {[%clk 0:01:38]} 39. Re8
{[%clk 0:05:04]} Bb6 {[%clk 0:01:22]} 40. Rb8 {[%clk 0:35:15]} Rf6+
{[%clk 0:31:20]} 41. Kg2 {[%clk 0:35:34]} Rf2+ {[%clk 0:31:31]} 42. Kh3
{[%clk 0:35:48]} Bc7 {[%clk 0:31:22]} 43. Rb1 {[%clk 0:36:07]} Bd6
{[%clk 0:31:33]} 1/2-1/2

[Event "World Chess Olympiad 2018"]
[Site "Batumi"]
[Date "2018.10.05"]
[Round "11"]
[Board "1"]
[WhiteFideId "9300244"]
[White "Omar Noaman"]
[BlackFideId "1900072"]
[Black "Galego Luis"]
[Result "1/2-1/2"]
[LiveChessVersion "1.4.8"]
[BlackElo "2471"]
[WhiteElo "2356"]

1. d4 {[%clk 1:30:56]} Nf6 {[%clk 1:30:20]} 2. c4 {[%clk 1:31:17]} e6
{[%clk 1:29:35]} 3. Nf3 {[%clk 1:31:27]} Bb4+ {[%clk 1:29:31]} 4. Nbd2
{[%clk 1:31:50]} O-O {[%clk 1:28:41]} 5. a3 {[%clk 1:32:12]} Be7 {[%clk 1:28:56]}
6. e4 {[%clk 1:32:26]} d6 {[%clk 1:29:21]} 7. Be2 {[%clk 1:32:30]} Nbd7
{[%clk 1:28:54]} 8. Qc2 {[%clk 1:32:25]} e5 {[%clk 1:29:13]} 9. d5
{[%clk 1:31:42]} a5 {[%clk 1:29:11]} 10. Nb1 {[%clk 1:16:51]} Nc5
{[%clk 1:19:22]} 11. Nc3 {[%clk 1:16:58]} a4 {[%clk 1:13:24]} 12. Be3
{[%clk 1:16:41]} Nfd7 {[%clk 1:12:07]} 13. Rd1 {[%clk 1:12:11]} Bf6
{[%clk 0:57:29]} 14. g4 {[%clk 1:10:15]} Nb6 {[%clk 0:57:47]} 15. g5
{[%clk 1:08:18]} Be7 {[%clk 0:57:23]} 16. Rg1 {[%clk 1:08:07]} Ra5
{[%clk 0:47:01]} 17. Rg3 {[%clk 0:58:57]} Bd7 {[%clk 0:44:46]} 18. Kf1
{[%clk 0:58:59]} f5 {[%clk 0:44:37]} 19. gxf6 {[%clk 0:58:21]} Bxf6
{[%clk 0:43:17]} 20. Kg2 {[%clk 0:48:58]} Qe7 {[%clk 0:41:54]} 21. Rg1
{[%clk 0:48:37]} Nb3 {[%clk 0:38:56]} 22. Qd1 {[%clk 0:48:19]} Raa8
{[%clk 0:38:12]} 23. Kh1 {[%clk 0:43:06]} Kh8 {[%clk 0:37:14]} 24. R1g2
{[%clk 0:43:02]} Rae8 {[%clk 0:32:20]} 25. Kg1 {[%clk 0:42:04]} Qd8
{[%clk 0:30:34]} 26. h4 {[%clk 0:41:30]} Re7 {[%clk 0:28:10]} 27. h5
{[%clk 0:36:02]} Qe8 {[%clk 0:24:46]} 28. Rh2 {[%clk 0:34:47]} Ref7
{[%clk 0:23:08]} 29. Ng5 {[%clk 0:30:18]} Bxg5 {[%clk 0:23:27]} 30. Rxg5
{[%clk 0:30:26]} Qe7 {[%clk 0:22:40]} 31. Rg3 {[%clk 0:30:00]} Rf4
{[%clk 0:20:34]} 32. Rhg2 {[%clk 0:28:56]} R8f7 {[%clk 0:20:26]} 33. Bd3
{[%clk 0:24:45]} Nc5 {[%clk 0:18:15]} 34. Ne2 {[%clk 0:17:37]} Rf3
{[%clk 0:11:18]} 35. Rxf3 {[%clk 0:16:24]} Rxf3 {[%clk 0:11:47]} 36. Ng3
{[%clk 0:15:38]} Rf7 {[%clk 0:11:52]} 37. Nf5 {[%clk 0:13:49]} Bxf5
{[%clk 0:10:50]} 38. exf5 {[%clk 0:14:16]} Nxd3 {[%clk 0:10:25]} 39. Qxd3
{[%clk 0:14:31]} h6 {[%clk 0:06:26]} 40. Bxb6 {[%clk 0:39:09]} cxb6
{[%clk 0:36:55]} 41. Rg6 {[%clk 0:38:24]} Qf8 {[%clk 0:34:01]} 42. f6
{[%clk 0:34:30]} Rxf6 {[%clk 0:34:02]} 43. Rxf6 {[%clk 0:34:30]} Qxf6
{[%clk 0:34:27]} 44. Qd1 {[%clk 0:28:08]} Qg5+ {[%clk 0:33:18]} 45. Kf1
{[%clk 0:28:22]} e4 {[%clk 0:28:50]} 46. Qd4 {[%clk 0:18:59]} Qxh5
{[%clk 0:22:35]} 47. Qxe4 {[%clk 0:17:07]} Qf7 {[%clk 0:22:48]} 48. Qe3
{[%clk 0:16:14]} Qc7 {[%clk 0:21:06]} 49. Qe8+ {[%clk 0:16:08]} Kh7
{[%clk 0:21:34]} 50. Qxa4 {[%clk 0:15:41]} h5 {[%clk 0:21:16]} 51. Qc2+
{[%clk 0:15:50]} g6 {[%clk 0:21:44]} 52. Qe4 {[%clk 0:16:00]} Qd7
{[%clk 0:21:08]} 1/2-1/2

[Event "World Chess Olympiad 2018"]
[Site "Batumi"]
[Date "2018.10.05"]
[Round "11"]
[Board "2"]
[WhiteFideId "1900021"]
[White "Fernandes Antonio"]
[BlackFideId "9300465"]
[Black "AlHuwar Jasem"]
[Result "1-0"]
[LiveChessVersion "1.4.8"]
[BlackElo "2245"]
[WhiteElo "2389"]

1. d4 {[%clk 1:30:56]} Nf6 {[%clk 1:30:44]} 2. Bg5 {[%clk 1:30:54]} e6
{[%clk 1:30:58]} 3. e4 {[%clk 1:29:55]} h6 {[%clk 1:31:20]} 4. Bxf6
{[%clk 1:30:23]} Qxf6 {[%clk 1:31:44]} 5. Qd3 {[%clk 1:29:49]} d6
{[%clk 1:17:55]} 6. Nd2 {[%clk 1:20:43]} Nd7 {[%clk 1:16:45]} 7. O-O-O
{[%clk 1:14:40]} g6 {[%clk 1:12:17]} 8. Ne2 {[%clk 0:42:48]} Bg7 {[%clk 1:10:02]}
9. Qc3 {[%clk 0:38:46]} Qd8 {[%clk 1:09:45]} 10. f4 {[%clk 0:38:54]} O-O
{[%clk 1:09:39]} 11. e5 {[%clk 0:29:05]} Nb6 {[%clk 0:57:22]} 12. Qf3
{[%clk 0:24:34]} Bd7 {[%clk 0:46:49]} 13. Qxb7 {[%clk 0:22:32]} Nd5
{[%clk 0:46:19]} 14. Qa6 {[%clk 0:22:14]} Rb8 {[%clk 0:45:21]} 15. Qa3
{[%clk 0:21:00]} dxe5 {[%clk 0:42:12]} 16. dxe5 {[%clk 0:12:09]} Re8
{[%clk 0:33:38]} 17. Ne4 {[%clk 0:11:26]} Rb4 {[%clk 0:28:49]} 18. Rxd5
{[%clk 0:08:38]} Rxe4 {[%clk 0:28:33]} 19. Rd1 {[%clk 0:07:24]} Qc8
{[%clk 0:27:05]} 20. g3 {[%clk 0:05:28]} Ra4 {[%clk 0:23:14]} 21. Qb3
{[%clk 0:05:39]} c5 {[%clk 0:23:37]} 22. Bg2 {[%clk 0:04:10]} Rb4
{[%clk 0:21:26]} 23. Qa3 {[%clk 0:04:38]} Qc7 {[%clk 0:21:30]} 24. c3
{[%clk 0:00:46]} Bb5 {[%clk 0:18:58]} 25. Nd4 {[%clk 0:00:37]} Ba4
{[%clk 0:15:14]} 26. Nc2 {[%clk 0:00:32]} Bxc2 {[%clk 0:12:14]} 27. Kxc2
{[%clk 0:01:01]} Reb8 {[%clk 0:12:35]} 28. b3 {[%clk 0:01:10]} Bf8
{[%clk 0:12:23]} 29. c4 {[%clk 0:01:07]} a5 {[%clk 0:12:48]} 30. Rd3
{[%clk 0:01:03]} a4 {[%clk 0:12:39]} 31. Rb1 {[%clk 0:00:55]} Qa5
{[%clk 0:12:34]} 32. Qc1 {[%clk 0:01:06]} Qa6 {[%clk 0:10:39]} 33. Bf3
{[%clk 0:00:39]} Be7 {[%clk 0:09:42]} 34. Kd1 {[%clk 0:00:35]} Kg7
{[%clk 0:07:12]} 35. Ke1 {[%clk 0:00:40]} axb3 {[%clk 0:07:03]} 36. axb3
{[%clk 0:01:07]} Qa2 {[%clk 0:06:45]} 37. Rd2 {[%clk 0:00:49]} Qa5
{[%clk 0:03:32]} 38. Qc2 {[%clk 0:00:35]} h5 {[%clk 0:03:04]} 39. h4
{[%clk 0:00:43]} Qa3 {[%clk 0:01:42]} 40. Rd3 {[%clk 0:30:45]} Qa7
{[%clk 0:30:58]} 41. Kf1 {[%clk 0:27:09]} R8b6 {[%clk 0:30:38]} 42. Kg2
{[%clk 0:25:50]} Ra6 {[%clk 0:28:48]} 43. Kh3 {[%clk 0:16:19]} Ra2
{[%clk 0:22:39]} 44. Rb2 {[%clk 0:16:40]} Ra1 {[%clk 0:21:04]} 45. Rd1
{[%clk 0:15:53]} Ra3 {[%clk 0:21:17]} 46. Be4 {[%clk 0:10:07]} Qc7
{[%clk 0:19:40]} 47. Rd3 {[%clk 0:09:29]} Rb6 {[%clk 0:15:47]} 48. Qd1
{[%clk 0:05:02]} Ra7 {[%clk 0:16:11]} 49. Qf3 {[%clk 0:04:27]} Rb8
{[%clk 0:13:52]} 50. Rbd2 {[%clk 0:04:05]} Rd8 {[%clk 0:14:07]} 51. Rxd8
{[%clk 0:03:44]} Bxd8 {[%clk 0:14:21]} 52. Bc6 {[%clk 0:03:46]} Qb8
{[%clk 0:13:57]} 53. Ba4 {[%clk 0:04:01]} Ba5 {[%clk 0:13:36]} 54. Rd6
{[%clk 0:04:21]} Qb4 {[%clk 0:13:21]} 55. Qe3 {[%clk 0:04:18]} Qe1
{[%clk 0:13:28]} 56. Qxe1 {[%clk 0:04:37]} Bxe1 {[%clk 0:13:54]} 57. Rd8
{[%clk 0:04:26]} Rc7 {[%clk 0:13:39]} 58. Kg2 {[%clk 0:04:24]} Bc3
{[%clk 0:13:50]} 59. Kf2 {[%clk 0:04:45]} Bb4 {[%clk 0:14:15]} 60. Ke2
{[%clk 0:04:35]} Bc3 {[%clk 0:14:30]} 61. Kf2 {[%clk 0:03:11]} Bb4
{[%clk 0:14:41]} 62. Kf3 {[%clk 0:03:36]} Bc3 {[%clk 0:14:56]} 63. Rd3
{[%clk 0:03:35]} Bb4 {[%clk 0:15:06]} 64. Rd8 {[%clk 0:02:49]} Bc3
{[%clk 0:15:16]} 65. Rd1 {[%clk 0:03:17]} Bb4 {[%clk 0:15:37]} 66. g4
{[%clk 0:03:41]} hxg4+ {[%clk 0:15:22]} 67. Kxg4 {[%clk 0:04:10]} Bc3
{[%clk 0:10:55]} 68. h5 {[%clk 0:04:09]} gxh5+ {[%clk 0:09:56]} 69. Kxh5
{[%clk 0:04:15]} f6 {[%clk 0:10:03]} 70. f5 {[%clk 0:03:03]} fxe5
{[%clk 0:09:23]} 71. fxe6 {[%clk 0:03:26]} Kf6 {[%clk 0:09:38]} 72. Bd7
{[%clk 0:03:45]} Ke7 {[%clk 0:06:51]} 73. Rf1 {[%clk 0:04:03]} e4
{[%clk 0:06:45]} 74. Rf7+ {[%clk 0:04:16]} Kd6 {[%clk 0:07:04]} 75. Kg4
{[%clk 0:04:38]} e3 {[%clk 0:04:34]} 76. Kf3 {[%clk 0:04:57]} e2 {[%clk 0:03:52]}
77. Kxe2 {[%clk 0:05:23]} Ra7 {[%clk 0:04:21]} 78. Kd3 {[%clk 0:05:15]} 1-0

[Event "World Chess Olympiad 2018"]
[Site "Batumi"]
[Date "2018.10.05"]
[Round "11"]
[Board "3"]
[WhiteFideId "9308733"]
[White "Al Hosani Omran"]
[BlackFideId "1909991"]
[Black "Martins David Pires Tavares"]
[Result "0-1"]
[LiveChessVersion "1.4.8"]
[BlackElo "2402"]
[WhiteElo "2115"]

1. d4 {[%clk 1:30:46]} d6 {[%clk 1:30:54]} 2. e4 {[%clk 1:31:07]} Nf6
{[%clk 1:31:08]} 3. f3 {[%clk 1:31:28]} g6 {[%clk 1:31:20]} 4. Be3
{[%clk 1:31:41]} Nbd7 {[%clk 1:31:17]} 5. Qd2 {[%clk 1:31:24]} c6
{[%clk 1:28:08]} 6. Nc3 {[%clk 1:30:10]} b5 {[%clk 1:28:08]} 7. Bd3
{[%clk 1:28:58]} Bg7 {[%clk 1:16:46]} 8. Bh6 {[%clk 1:29:10]} O-O
{[%clk 1:16:56]} 9. h4 {[%clk 1:29:22]} e5 {[%clk 1:17:11]} 10. Nge2
{[%clk 1:25:31]} b4 {[%clk 1:07:11]} 11. Nd1 {[%clk 1:25:29]} exd4
{[%clk 1:07:25]} 12. h5 {[%clk 1:23:42]} Ne5 {[%clk 1:04:45]} 13. Bxg7
{[%clk 1:22:05]} Kxg7 {[%clk 1:05:02]} 14. hxg6 {[%clk 1:21:51]} fxg6
{[%clk 1:05:06]} 15. Qh6+ {[%clk 1:06:52]} Kg8 {[%clk 1:05:22]} 16. Nf4
{[%clk 1:04:56]} Qe7 {[%clk 1:04:50]} 17. Nf2 {[%clk 1:02:06]} a5
{[%clk 1:03:01]} 18. O-O-O {[%clk 1:01:52]} a4 {[%clk 1:00:39]} 19. Be2
{[%clk 0:55:47]} c5 {[%clk 1:00:26]} 20. N2d3 {[%clk 0:55:37]} Ba6
{[%clk 0:59:06]} 21. g4 {[%clk 0:54:33]} b3 {[%clk 0:55:11]} 22. g5
{[%clk 0:51:11]} bxa2 {[%clk 0:51:39]} 23. gxf6 {[%clk 0:49:56]} Nc4
{[%clk 0:51:17]} 24. c3 {[%clk 0:49:25]} Qb7 {[%clk 0:44:59]} 25. Qxh7+
{[%clk 0:37:40]} Qxh7 {[%clk 0:45:21]} 26. Rxh7 {[%clk 0:38:08]} 0-1

[Event "World Chess Olympiad 2018"]
[Site "Batumi"]
[Date "2018.10.05"]
[Round "11"]
[Board "4"]
[WhiteFideId "1917617"]
[White "Sousa Andre Ventura"]
[BlackFideId "9312331"]
[Black "Ammar Sedrani"]
[Result "1-0"]
[LiveChessVersion "1.4.8"]
[BlackElo "2099"]
[WhiteElo "2365"]

1. e4 {[%clk 1:30:57]} c6 {[%clk 1:30:40]} 2. d4 {[%clk 1:31:21]} d5
{[%clk 1:30:33]} 3. e5 {[%clk 1:31:48]} Bf5 {[%clk 1:30:21]} 4. Ne2
{[%clk 1:32:10]} e6 {[%clk 1:29:06]} 5. Ng3 {[%clk 1:32:36]} Bg6 {[%clk 1:29:08]}
6. h4 {[%clk 1:33:03]} h6 {[%clk 1:28:19]} 7. h5 {[%clk 1:33:30]} Bh7
{[%clk 1:28:34]} 8. Bd3 {[%clk 1:33:57]} Bxd3 {[%clk 1:27:50]} 9. cxd3
{[%clk 1:34:16]} Qb6 {[%clk 1:09:30]} 10. Be3 {[%clk 1:34:42]} c5
{[%clk 1:00:13]} 11. dxc5 {[%clk 1:34:40]} Bxc5 {[%clk 1:00:31]} 12. d4
{[%clk 1:28:35]} Qxb2 {[%clk 0:56:34]} 13. Nd2 {[%clk 1:26:12]} Bb6
{[%clk 0:56:01]} 14. Qa4+ {[%clk 1:24:18]} Nd7 {[%clk 0:43:01]} 15. Rb1
{[%clk 1:23:52]} Qc3 {[%clk 0:42:08]} 16. Rxb6 {[%clk 1:23:41]} Qc7
{[%clk 0:41:43]} 17. Rb1 {[%clk 1:22:37]} Ne7 {[%clk 0:41:14]} 18. O-O
{[%clk 1:22:54]} O-O {[%clk 0:40:27]} 19. Qb4 {[%clk 1:19:50]} Nb6
{[%clk 0:37:06]} 20. Rfc1 {[%clk 1:18:09]} Nc6 {[%clk 0:35:58]} 21. a4
{[%clk 1:18:26]} Qd7 {[%clk 0:32:42]} 22. Qb5 {[%clk 1:15:12]} Rab8
{[%clk 0:28:52]} 23. a5 {[%clk 1:15:30]} Na8 {[%clk 0:26:16]} 24. Nb3
{[%clk 1:14:03]} Nc7 {[%clk 0:24:16]} 25. Qe2 {[%clk 1:14:09]} Na6
{[%clk 0:22:21]} 26. Nc5 {[%clk 1:13:39]} Nxc5 {[%clk 0:22:22]} 27. Rxc5
{[%clk 1:14:02]} Rfc8 {[%clk 0:21:14]} 28. Qg4 {[%clk 1:13:44]} Kh7
{[%clk 0:19:49]} 29. Rcb5 {[%clk 1:01:06]} Qe7 {[%clk 0:17:09]} 30. f4
{[%clk 0:55:17]} Qa3 {[%clk 0:15:13]} 31. R5b3 {[%clk 0:55:42]} Qxa5
{[%clk 0:14:58]} 32. f5 {[%clk 0:56:04]} Nd8 {[%clk 0:13:23]} 33. Bxh6
{[%clk 0:53:29]} Kxh6 {[%clk 0:11:45]} 34. f6 {[%clk 0:53:50]} g5
{[%clk 0:10:26]} 35. hxg6 {[%clk 0:54:14]} 1-0

[Event "World Chess Olympiad 2018"]
[Site "Batumi"]
[Date "2018.10.05"]
[Round "11"]
[Board "1"]
[WhiteFideId "13602853"]
[White "Tutisani Noe"]
[BlackFideId "5201322"]
[Black "Paciencia Enrique"]
[Result "1-0"]
[LiveChessVersion "1.4.8"]
[BlackElo "2335"]
[WhiteElo "2471"]

1. e4 {[%clk 1:30:58]} e5 {[%clk 1:30:43]} 2. Nf3 {[%clk 1:31:16]} Nc6
{[%clk 1:30:54]} 3. Bb5 {[%clk 1:31:42]} a6 {[%clk 1:31:09]} 4. Ba4
{[%clk 1:32:08]} Nf6 {[%clk 1:31:28]} 5. O-O {[%clk 1:32:34]} Be7
{[%clk 1:31:39]} 6. Re1 {[%clk 1:33:00]} b5 {[%clk 1:32:05]} 7. Bb3
{[%clk 1:33:26]} d6 {[%clk 1:32:19]} 8. c3 {[%clk 1:33:53]} O-O {[%clk 1:32:21]}
9. h3 {[%clk 1:34:20]} Bb7 {[%clk 1:29:54]} 10. d4 {[%clk 1:34:44]} a5
{[%clk 1:29:34]} 11. a3 {[%clk 1:32:23]} a4 {[%clk 1:26:14]} 12. Bc2
{[%clk 1:32:46]} Nd7 {[%clk 1:25:46]} 13. Nbd2 {[%clk 1:29:17]} Nb6
{[%clk 1:22:10]} 14. Nf1 {[%clk 1:29:04]} Bf6 {[%clk 1:20:56]} 15. Ne3
{[%clk 1:27:28]} g6 {[%clk 1:14:50]} 16. Ng4 {[%clk 1:24:45]} Bg7
{[%clk 1:14:35]} 17. Bh6 {[%clk 1:23:54]} Nc4 {[%clk 1:06:52]} 18. Qc1
{[%clk 1:20:33]} Qe7 {[%clk 1:04:08]} 19. d5 {[%clk 1:15:16]} N6a5
{[%clk 0:56:04]} 20. Bxg7 {[%clk 1:08:46]} Kxg7 {[%clk 0:56:25]} 21. Qh6+
{[%clk 1:09:14]} Kg8 {[%clk 0:56:26]} 22. Ng5 {[%clk 1:07:52]} f6
{[%clk 0:54:07]} 23. Ne6 {[%clk 1:04:57]} Rf7 {[%clk 0:51:20]} 24. f4
{[%clk 1:04:29]} f5 {[%clk 0:39:59]} 25. Nf2 {[%clk 0:55:21]} Nb3
{[%clk 0:34:29]} 26. Rab1 {[%clk 0:34:45]} c6 {[%clk 0:30:15]} 27. Ng5
{[%clk 0:33:54]} cxd5 {[%clk 0:27:08]} 28. Nxf7 {[%clk 0:31:04]} Qxf7
{[%clk 0:27:16]} 29. exf5 {[%clk 0:31:07]} gxf5 {[%clk 0:22:11]} 30. fxe5
{[%clk 0:28:14]} dxe5 {[%clk 0:19:34]} 31. Bxb3 {[%clk 0:28:20]} axb3
{[%clk 0:19:42]} 32. Nd3 {[%clk 0:28:47]} Re8 {[%clk 0:17:36]} 33. Re2
{[%clk 0:29:10]} f4 {[%clk 0:11:26]} 34. Qg5+ {[%clk 0:27:31]} Qg6
{[%clk 0:07:06]} 35. Qxg6+ {[%clk 0:28:00]} hxg6 {[%clk 0:07:35]} 36. Nxf4
{[%clk 0:28:24]} Kf7 {[%clk 0:06:32]} 37. Nd3 {[%clk 0:28:48]} Bc8
{[%clk 0:06:09]} 38. Rf1+ {[%clk 0:28:56]} Kg7 {[%clk 0:06:19]} 39. g4
{[%clk 0:28:11]} g5 {[%clk 0:03:58]} 40. Nc5 {[%clk 0:56:53]} e4 {[%clk 0:31:32]}
41. Rd1 {[%clk 0:57:13]} Nb6 {[%clk 0:25:47]} 42. Kg2 {[%clk 0:56:16]} Kf6
{[%clk 0:24:40]} 43. Rd4 {[%clk 0:54:04]} Be6 {[%clk 0:23:41]} 44. Rb4
{[%clk 0:53:48]} Nd7 {[%clk 0:23:18]} 45. Rxb5 {[%clk 0:52:07]} Nxc5
{[%clk 0:19:55]} 46. Rxc5 {[%clk 0:52:33]} Rb8 {[%clk 0:19:27]} 47. c4
{[%clk 0:52:13]} Ke5 {[%clk 0:17:12]} 48. cxd5 {[%clk 0:52:26]} Bg8
{[%clk 0:16:55]} 49. d6+ {[%clk 0:52:09]} Kd4 {[%clk 0:17:00]} 50. Rc3
{[%clk 0:52:23]} Rd8 {[%clk 0:12:50]} 51. Rd2+ {[%clk 0:50:11]} Ke5
{[%clk 0:13:15]} 52. Kg3 {[%clk 0:48:33]} Bd5 {[%clk 0:12:18]} 53. Rc5
{[%clk 0:48:50]} Rxd6 {[%clk 0:12:44]} 54. Kf2 {[%clk 0:49:12]} 1-0